| 000 | 00990cam a22002894a 4500 | ||
|---|---|---|---|
| 001 | 12383948 | ||
| 003 | OSt | ||
| 005 | 20170324133002.0 | ||
| 008 | 010418s2001 nyua b 001 0 eng c | ||
| 010 | _a 2001028930 | ||
| 020 | _a0585403848 (electronic bk.) | ||
| 020 | _a0824702921 (hc : alk. paper) | ||
| 040 |
_aDNLM/DLC _cDLC _dDLC |
||
| 042 | _apcc | ||
| 050 | 0 | 0 |
_aTP983 _b.H24 2001 |
| 082 | 0 | 0 |
_a668.55 _221 _bHAN 2001 |
| 100 |
_aEdited by Andre, O. Barel; Marc, Paye; Howard, I. Maibach _911945 |
||
| 245 | 0 | 0 | _aHandbook of Cosmetic Science and Technology |
| 260 |
_aNew York; _bMarcel Dekker, _c2001. |
||
| 300 |
_axvi, 886 p. : _bill. ; _c27 cm. |
||
| 504 | _aIncludes bibliographical references and index. | ||
| 530 | _aAlso available as an electronic book via the World Wide Web to institutions affiliated with netLibrary, Inc. | ||
| 650 | 0 |
_aCosmetics. _98801 |
|
| 650 | 0 |
_aTechnology _91144 |
|
| 906 |
_a7 _bcbc _corignew _d1 _eocip _f20 _gy-gencatlg |
||
| 942 |
_2ddc _cSLOAN |
||
| 999 |
_c4038 _d4038 |
||